مكتبة جامعة عجلون الوطنية

فهرس بحث المكتبة

Normal view MARC view
  • ة/Kirk،Samuelمؤلف/Gallagher،James J م.مشارك/Anastaiow،Nick م.مشارك/Coleman،Mary Ruth م.مشارك/محمود،أماني محمد وليد مترجمة

Entry Personal Name

Number of records used in: 1

001 - CONTROL NUMBER

  • control field: 43023

003 - CONTROL NUMBER IDENTIFIER

  • control field: JO-AjAnu

005 - DATE AND TIME OF LATEST TRANSACTION

  • control field: 20230606081132.0

008 - FIXED-LENGTH DATA ELEMENTS

  • fixed length control field: 230606|| aca||aabn | a|a d

040 ## - CATALOGING SOURCE

  • Original cataloging agency: JO-AjAnu
  • Transcribing agency: JO-AjAnu

100 ## - HEADING--PERSONAL NAME

  • Personal name: ة/Kirk،Samuelمؤلف/Gallagher،James J م.مشارك/Anastaiow،Nick م.مشارك/Coleman،Mary Ruth م.مشارك/محمود،أماني محمد وليد مترجمة

670 ## - SOURCE DATA FOUND

  • Source citation: Work cat.: (JO-AjAnu)22034: ة/Kirk،Samuelمؤلف/Gallagher،James J م.مشارك/Anastaiow،Nick م.مشارك/Coleman،Mary Ruth م.مشارك/محمود،أماني محمد وليد مترجمة, author, تعليم الأطفال ذوي الحاجات الخاصة=Educating Exceptioal Children